The effects of algal density on growth of heterotrophic microflagellates /

Bibliographic Details
Main Author: Choi, Joon Won
Corporate Author: Massachusetts Institute of Technology
Format: Thesis Book
Language:English
Published: Woods Hole, Mass. : Woods Hole Oceanographic Institution, 1988.
Series:Woods Hole Oceanographic Institution (Series) ; no. 88-50.
Woods Hole Oceanographic Institution (Series). Dissertation.
Subjects:

MARC

Tag First Indicator Second Indicator Subfields
LEADER 00000cam a2200000Ia 4500
001 in00002014005
005 20151031152056.0
008 890104s1988 maua bm 000 0 eng d
035 |a (OCoLC)ocm18968582 
040 |a NSL  |c NSL  |d OCLCQ  |d TXA  |d UtOrBLW 
049 |a TXAM 
090 |a GC1  |b .W582 no.88-50 
100 1 |a Choi, Joon Won. 
245 1 4 |a The effects of algal density on growth of heterotrophic microflagellates /  |c by Joon Won Choi. 
264 1 |a Woods Hole, Mass. :  |b Woods Hole Oceanographic Institution,  |c 1988. 
300 |a 71 pages :  |b illustrations ;  |c 28 cm. 
336 |a text  |b txt  |2 rdacontent 
337 |a unmediated  |b n  |2 rdamedia 
338 |a volume  |b nc  |2 rdacarrier 
490 1 |a Woods Hole Oceanographic Institution (Series) ;  |v 88-50.  |a Master of Science dissertation 
504 |a Includes bibliographical references. 
500 |a "November 1988." 
500 |a "Funding was provided by the National Science Foundation under grant Numbers OCE 86-00675 and OCE 86-00684." 
502 |b M.S.  |c Massachusetts Institute of Technology  |d 1988. 
650 0 |a Flagellata. 
710 2 |a Massachusetts Institute of Technology. 
830 0 |a Woods Hole Oceanographic Institution (Series) ;  |v no. 88-50. 
830 0 |a Woods Hole Oceanographic Institution (Series).  |p Dissertation. 
994 |a C0  |b TXA 
948 |a cataloged  |b h  |c 2004/12/13  |d c  |e blrosas  |f 9:05:31 am 
999 |a MARS 
999 f f |s 1567446d-13a0-392c-ab96-81e739e5f373  |i 1f947cdf-b5a4-3810-88ba-a88a052ddccb  |t 0 
952 f f |p ric  |a Texas A&M University  |b Rellis Campus  |c Joint Library Facility  |d Remote Storage  |t 0  |e GC1 .W582 no.88-50  |h Library of Congress classification  |i unmediated -- volume  |m A14831664509 
998 f f |a GC1 .W582 no.88-50  |t 0  |l Remote Storage